By the Numbers #7 - Statistics

General Stats
  • This quiz has been taken 123 times
  • The average score is 13 of 20
Answer Stats
Hint Answer % Correct
Maximum number of days in a month (using the Gregorian calendar) 31
94%
Number of railroads on a Monopoly board 4
88%
Number of track and field events in a decathlon 10
85%
Circumference of the earth, in miles 24,901
83%
Circumference of Mercury at its equator, in miles 9,525
80%
Face value of an “A” tile in Scrabble 1
78%
Number of the Jump Street program in the title of the 1987-1991 TV series 21
71%
Atomic number of helium 2
69%
Number of stages of grief 5
69%
Number of first dates in the title of the 2004 film starring Adam Sandler and Drew Barrymore 50
69%
Number of trivia categories in a Trivial Pursuit game 6
68%
Number of steps in programs used to support recovery from addictions and compulsions 12
60%
Number of days it rained during the Great Flood, according to Genesis 7:17 40
60%
Number of items in a gross 144
52%
Number of pipers piping in a verse of “The Twelve Days of Christmas” 11
51%
Number of players on a Quidditch team 7
51%
Maximum number of months in a year, using the Julian calendar 13
38%
Number of coins in the fountain in the title of the 1954 film starring Clifton Webb and Dorothy McGuire 3
35%
Number of territories on a Risk board 42
31%
Number of moons Jupiter has 95
22%
No matching quizzes found
Score Distribution
Percent of People with Each Score
Percentile by Number Answered
Your Score History
You have not taken this quiz